Statistics for Word Chain - Greek and Roman Mythology

Click here to take the quiz!

General Stats

  • This quiz has been taken 10,712 times
  • The average score is 13 of 21

Answer Stats

Hint Answer % Correct
Roman god of the seaNeptune
90%
Strongman who completed 12 laborsHeracles
89%
Greek goddess of wisdomAthena
83%
Greek goddess of beautyAphrodite
83%
Greek god of warAres
80%
Being that lured sailors to their deathsSiren
75%
God of music and lightApollo
71%
Greek version of CupidEros
68%
Bow hunter who Zeus made into a constellationOrion
65%
Accidentally married his motherOedipus
65%
Greek goddess of victoryNike
61%
She was condemned to be speechless, except
to repeat what someone just said
Echo
56%
Roman personification of the moonLuna
56%
Term for a minor female deityNymph
55%
Jupiter's fatherSaturn
51%
Condemned to roll a boulder uphill foreverSisyphus
48%
Sun god of the late Roman Empire:
___ Invictus
Sol
44%
Sea monster. Counterpart of CharybdisScylla
35%
Greek goddess of discordEris
32%
She was abducted by Zeus - who appeared
in the form of a white bull
Europa
24%
Group abducted by the ancient Romans:
The ______ Women
Sabine
22%

Score Distribution

Percentile by Number Answered

Percent of People with Each Score

Your Score History

You have not taken this quiz